| 000 | 00563nam a2200193Ia 4500 | ||
|---|---|---|---|
| 005 | 20250923144830.0 | ||
| 008 | 008 250917s9999 xx 000 0 eng d | ||
| 037 | _aTextual | ||
| 040 |
_aDSWL _beng _cDSWL |
||
| 041 |
_aeng _2eng |
||
| 084 |
_aV2:261t236'N60 _qDSWL |
||
| 245 | 0 |
_aReport of the Democratic Decentralization Committee Part - I _cby Gujarat State |
|
| 260 |
_aGujrat _bRuralDevelopment of the _c1960 |
||
| 300 | _axi,239p. | ||
| 365 |
_aINR _b2 |
||
| 925 | _g2 | ||
| 942 |
_cTEXL _hV2:261t236'N60 |
||
| 999 |
_c1443903 _d1443903 |
||